A graphical approach to college algebra

Bibliographic Details
Main Authors: Hornsby, John, Lial, Margaret L
Format: Section = Libro
Language:Undetermined
Spanish
Published: United States Addison/Wesley 1999
Edition:2a.ed.
Subjects:
LEADER 00593nam a2200241Ia 4500
008 240829s9999 xx 000 0 und d
020 |a 0-321-02847-3 
040 |a BIBLIOTECA-RUSB/ 512 H816 
041 |a spa 
082 |a 512 H816 
100 1 |a Hornsby, John 
100 1 |b  Lial, Margaret L 
245 1 2 |a A graphical approach to college algebra 
250 |a 2a.ed. 
260 |a United States  |b Addison/Wesley  |c 1999 
300 |a 769 p. :il. 
650 7 |a ALGEBRA 
650 7 |b  FUNCIONES 
650 7 |c  POLINOMIOS 
650 7 |d  ECUACIONES 
942 |c BK  |2 ddc 
991 |a TEXTO 
999 |c 1370